000
00210 a2200097 4500
001
57120
100
_a
245
_a
Golf Techniques
260
_a
China
_b
Chansller Press
_c
2006
090
_c
35051
_d
35051
942
_a
NUST-CAE
_c
MONOGRAPH
_c
27838
999
_c
292193
_d
292193